Diversiones matemáticas : juegos y comentarios al margen de la clase /

Guardado en:
Bibliografiske detaljer
Hovedforfatter: Rodríguez Vidal, Rafael (autor)
Format: Bog
Sprog:spansk
Udgivet: Barcelona, España : Reverté, 1984, c1984
Fag:
Tags: Tilføj Tag
Ingen Tags, Vær først til at tagge denne postø!

MARC

LEADER 00000nam^a2200000^a^4500
001 000176654
005 20250521000000.0
009 20260310101647.698
020 |a 84-291-5134-6 
037 |a Acervo ITESO - Biblioteca 
041 |a ESP 
082 |a 510.  |b ROD 
100 |a Rodríguez Vidal, Rafael  |e (autor) 
245 1 0 |a Diversiones matemáticas :  |b juegos y comentarios al margen de la clase /  |c R. Rodríguez Vidal. 
264 4 |a Barcelona, España :  |b Reverté,  |c 1984, c1984 
300 |a XVI, 188 p. 
336 |a texto  |b txt  |2 rdacontenido 
337 |a sin mediación  |b n  |2 rdamedio 
338 |a volumen  |b nc  |2 rdasoporte 
649 |a XX 
650 |a Juegos Matemáticos 
650 |a Aritmética 
650 |a Geometría 
650 |a Lógica 
650 |a Matemáticas -  |x Teoría 
650 |a Matemáticas -  |x Problemas, Ejercicios, etc 
650 |a Matemáticas -  |x Historia 
650 |a Matemáticas -  |x Filosofía 
910 |a Fondo General 
920 |a Impresos - Libros 
930 |a Colección General 
905 |a 101 
901 |a 0500115298  |b IT1  |c ACC  |u 20250521 
902 |a https://opac.biblio.iteso.mx/vufind/Record/000176654